| 000 -LEADER |
| fixed length control field |
00498nam a22001817a 4500 |
| 008 - FIXED-LENGTH DATA ELEMENTS--GENERAL INFORMATION |
| fixed length control field |
150520b xxu||||| |||| 00| 0 eng d |
| 020 ## - INTERNATIONAL STANDARD BOOK NUMBER |
| International Standard Book Number |
0321434250 |
| 041 0# - LANGUAGE CODE |
| Language code of text/sound track or separate title |
eng |
| 080 ## - UNIVERSAL DECIMAL CLASSIFICATION NUMBER |
| Universal Decimal Classification number |
31 |
| 100 1# - Rafti |
| Rafti |
Triola, Mario F. |
| 245 10 - TITLE STATEMENT |
| Title |
Essentials of statistics / |
| Statement of responsibility, etc |
Mario F. Triola. |
| 250 ## - |
| -- |
Botimi tretë |
| 260 ## - |
| -- |
Boston : |
| -- |
Pearson Addison Wesley, |
| -- |
c2008. |
| 300 ## - |
| -- |
689 f |
| -- |
me il |
| -- |
26 cm. + |
| -- |
1 CD-ROM (4 3/4 in.) |
| 505 ## - |
| -- |
Index:f. 674-689 |
| 650 #0 - |
| -- |
Statistikat |
| 942 ## - ADDED ENTRY ELEMENTS (KOHA) |
| Source of classification or shelving scheme |
|
| Item type |
Books |